Financial statement analysis / (Record no. 4104)

MARC details
000 -LEADER
fixed length control field 02446nam a2200181Ia 4500
020 ## - INTERNATIONAL STANDARD BOOK NUMBER
ISBN 0133163326
050 ## - CALL NUMBER
Classification number HF5681.B2F64
100 1# - AUTHOR
Personal name Foster, George,
245 10 - TITLE
Title Financial statement analysis /
Statement of responsibility, etc George Foster.
250 ## - EDITION
Edition statement Second edition.
260 ## - PUBLICATION INFORMATION
Place of publication Upper Saddle River
Name of publisher Prentice hall International
Year of publication 1986
300 ## - DESCRIPTION
Number of Pages xii, 625 pages :
Other physical details illustrations.
500 ## - NOTES
General note "Prentice-Hall international editions"--Prelim.
505 ## - FORMATTED CONTENTS NOTE
Table of Content Preface ix<br/>The demand for financial statement information 1<br/>The supply of financial statement information 23<br/>Financial statement analysis: Introductory techniques 57<br/>Financial statement numbers: Some empirical issues and <br/>evidence 95<br/>Financial statement numbers and alternative accounting methods 133<br/>Cross-sectional analysis of financial statement information 175<br/>Time series analysis of financial statement information 211<br/>Forecasting financial statement information 261<br/>Capital markets and information efficiency 299<br/>Asset pricing and financial statement information 335<br/>Capital markets and corporate information releases 373<br/>Equity securities and financial statement information 421<br/>Corporate restructuring and financial information 459<br/>Distress analysis and financial information 533<br/>Loan decisions and financial information 573<br/>Index 611<br/><br/> <br/><br/><br/>Financial statement numbers and alternative accounting methods 133<br/>Cross-sectional analysis of financial statement information 175<br/>Time-series of financial statement information 211<br/>Forecasting financial statement information 261<br/>Capital markets and information efficiency 299<br/>Asset pricing and financial statement information 335<br/>Capital markets and corporate information releases 373<br/>Equity securities and financial statement information 421<br/>Corporate restructuring and financial information 459<br/>Debt ratings, debt securities and financial information 497<br/>Distress analysis and financial information 533<br/>Loan decisions and financial information 573<br/>Index 611
650 #0 - SUBJECTS
Topical Term Financial statements.
700 ## - OTHER AUTHORS
Personal name George Foster.
942 ## - ADDED ENTRY ELEMENTS (KOHA)
Koha item type Books

No items available.

Copyright © 2026  MUG Library